Biblioteca ESET

Plantas, bacterias, hongos, mi mujer, el cocinero y su amante : | sobre interacciones biológicas, los ciclos de los elementos y otras historias (Registro nro. 150)

Detalles MARC
000 -CABECERA
fixed length control field 00851nam#a2200253#a#4500
003 - CONTROL NUMBER IDENTIFIER
control field AR-BeUNQ
005 - FECHA Y HORA DE LA ULTIMA TRANSACCION
control field 20240809123855.0
008 - ELEMENTOS DE LONGITUD FIJA-INFORMACION GENERAL
fixed length control field 030219s2002####ag##################spa#d
020 ## - NUMERO INTERNACIONAL NORMALIZADO PARA LIBROS
Número Internacional Normalizado del libro 9871105134
040 ## - FUENTE DE CATALOGACION
Agencia de catalogación original AR-BeUNQ
Idioma de catalogación ESPAÑOL
Convenciones de la descripción aacr
Agencia que realiza la transcripción AR-BeUNQ
099 ## - LOCAL FREE-TEXT CALL NUMBER (OCLC)
Classification number 24-W19
100 1# - ASIENTO PRINCIPAL-NOMBRE PERSONAL
Nombre personal Wall, Luis Gabriel
245 02 - MENCION DE TITULO
Título Plantas, bacterias, hongos, mi mujer, el cocinero y su amante :
Otra información sobre el título sobre interacciones biológicas, los ciclos de los elementos y otras historias
Mención de responsabilidad, etc Luis Gabriel Wall.
250 ## - MENCION DE EDICION
Mención de edición 1a. ed.
260 ## - PUBLICACION, DISTRIBUCION, ETC.
Lugar de publicación, distribución, etc. Bernal :
Nombre del editor, distribuidor, etc. Universidad Nacional de Quilmes,
Fecha de publicación, distribución, etc 2002
300 ## - DESCRIPCION FISICA
Extensión 62 p. :
Otros detalles físicos il.;
Dimensiones 21 cm.
490 0# - MENCION DE SERIE
Mención de serie Ciencia que ladra...
650 #7 - ASIENTO SECUNDARIO DE MATERIA - TERMINO TEMATICO
Término temático o nombre geográfico como elemento de entrada PLANTAS (BOTANICA)
Fuente del encabezamiento o términ Spines
650 #7 - ASIENTO SECUNDARIO DE MATERIA - TERMINO TEMATICO
Término temático o nombre geográfico como elemento de entrada BACTERIAS
Fuente del encabezamiento o términ Spines
650 #7 - ASIENTO SECUNDARIO DE MATERIA - TERMINO TEMATICO
Término temático o nombre geográfico como elemento de entrada HONGOS
Fuente del encabezamiento o términ Spines
650 #7 - ASIENTO SECUNDARIO DE MATERIA - TERMINO TEMATICO
Término temático o nombre geográfico como elemento de entrada DIVULGACION CIENTIFICA
Fuente del encabezamiento o términ Spines
929 ## - DATOS DE ADQUISICION
Procedencia DONACION
Precio 0
Fecha de recibido 2018
Número de inventario 57402
942 ## - ELEMENTOS DE PUNTO DE ACCESO ADICIONAL (KOHA)
Tipo de ítem Koha Libros
Suppress in OPAC 0
Existencias
Estado de retiro Estado de pérdida Ubicación permanente Ubicación actual Ubicación en estantería Fecha de ingreso Total Checkouts Signatura topográfica completa Inventario Date last seen Número de copia Tipo de ítem Koha Operador
    Biblioteca ESET - UNQ Biblioteca ESET - UNQ CIRCULACION 28/02/2018   561/WAL/56581 56581 28/02/2018 1 Libros Gladys Alarcon
    Biblioteca ESET - UNQ Biblioteca ESET - UNQ CIRCULACION 26/11/2018   561/WAL 57402 26/11/2018 1 Libros Gladys Alarcon

ESET UNQ

☏ 4365-7188
 Avenida República de Francia 1714 entre Doctor Kenny y Concordia, Ezpeleta, Bs As.
✉ secretaria_eset@unq.edu.ar

Con tecnología Koha